000 00841nam a2200265 i 4500
001 bg
100 1 _aBUDZIŃSKI, Franciszek
245 1 0 _aWynalazki, patenty oraz licencje :
_bw teorii i praktyce gospodarowania /
_cFranciszek Budziński, Marek Mróz, Stanisław Ślusarczyk.
260 _aRzeszów :
_bOficyna Wydaw. Politechniki Rzeszowskiej,
_c1996.
300 _a70 s. ;
_c24 cm.
504 _aBibliogr. s. 69-70.
650 9 _aWynalazki
_xzagadnienia
650 9 _aPatenty
_xzagadnienia
650 9 _aLicencje
_xzagadnienia
655 _aPodręczniki akademickie
700 1 _aMRÓZ, Marek
700 1 _aŚLUSARCZYK, Stanisław
020 _a838670554X
040 _cBPK
041 0 _apl
080 _a001.894/.895:347.771](075.8)
920 _a83-86705-54-X
942 _cKS
008 s pl f |000 0 pol
999 _c24957
_d24957
856 _uhttp://koha.tu.koszalin.pl/cgi-bin/koha/opac-detail.pl?biblionumber=24957
_yKatalog online BPK